000 01043nam a22002897a 4500
001 BR8207246
003 BR-BrBNA
005 20230928091551.0
007 ta
008 230509b bl.||||| |||| 00| 0 por d
040 _aBR-BrBNA
_bpor
_cBiblioteca Nacional de Agricultura
041 _a(Por)
072 _aL01
_b5300
_b9704
_b/G514
090 _ 5300 BR8207246
110 1 _aAssociacao de Credito e Assistencia Rural de Santa Catarina, Florianopolis (Brasil);
110 1 _aEmpresa de Assistencia Tecnica e Extensao Rural do Estado de Santa Catarina, Florianopolis (Brasil)
_94031
245 1 _aProjeto de incremento a producao de carne de suinos [Santa Catarina, Brasil]
260 3 _aFlorianopolis, SC (Brasil):
_c1982.
300 _a13 p.
500 _a(*) Documento disponível no(a) Associacao de Credito e Assistencia Rural de Santa Catarina, Florianopolis (Brazil)
650 _aPRODUCAO ANIMAL
650 _aCARNE
650 _aSUINO
650 _aSANTA CATARINA
909 _a202309
_bLucia
_c55
_dLucia Elande
942 _cBK
999 _c34452
_d34452